El niño y su familia: selección de trabajos sobre economía doméstica

Збережено в:
Бібліографічні деталі
Автор: Murray, Eloise (autora)
Формат: Книга
Мова:Іспанська
Опубліковано: París UNESCO 1981
Серія:Estudios y Documentos de Educación, 37
Предмети:
Теги: Додати тег
Немає тегів, Будьте першим, хто поставить тег для цього запису!

MARC

LEADER 00000nam a2200000 a 4500
001 UCU0921
003 CL-VaPUC
008 960329e19810000FR |||||||||||||||||spa|d
082 0 4 |a 306.87  |b MUR  |2 21 
100 |a Murray, Eloise  |e autora  |9 356418 
245 1 3 |a El niño y su familia: selección de trabajos sobre economía doméstica 
300 |a 75 p 
942 |c BK 
945 |d 19960329 00:00:00  |a cmena 
260 |a París  |b UNESCO  |c 1981 
650 0 |a Familias   |9 255641 
650 7 |a ECONOMIA DOMESTICA  |2 CL-VaPUC  |9 338711 
650 0 |a Niños  |9 255605 
583 |a last modification  |c 19960329 00:00:00  |k Rodrigo Vera 
490 0 |a Estudios y Documentos de Educación, 37 
999 |c 245699  |d 245697 
952 |0 0  |1 0  |4 0  |6 306_870000000000000_MUR_1981  |7 0  |8 P  |9 260288  |a BIBEDU  |b BIBEDU  |c BIBEDU_PB  |d 2019-11-19  |i 1635697  |o 306.87 MUR 1981  |p 1635697  |r 2024-01-25  |w 2019-11-19  |y BK  |k EDU